| 000 | 02184cam a2200409 i 4500 | ||
|---|---|---|---|
| 003 | SA-RiAUC | ||
| 005 | 20241006072038.0 | ||
| 008 | 241005s2005 su g b f001 0dara c | ||
| 020 | _a9960880575 | ||
| 020 | _a9960880575 | ||
| 040 |
_aJO-ZaHU _bara _cSA-RiAUC _erda |
||
| 043 |
_aa-su--- _aar----- |
||
| 050 | 4 | _bB37 2005 | |
| 082 | 0 | 4 |
_a953.101 _qSA-RiAUC |
| 090 |
_a953.101 _bب س ا |
||
| 100 | 1 |
_aالبسام، أحمد بن عبد العزيز بن محمد، _d1374 هجري- _eمؤلف. |
|
| 245 | 1 | 2 |
_aالحياة العلمية في وسط الجزيرة العربية في القرنين الحادي عشر والثاني عشر الهجريين وأثر دعوة الشيخ محمد بن عبد الوهاب فيها / _cأحمد بن عبد العزيز بن محمد البسام. |
| 250 | _aالطبعة الأولى. | ||
| 264 | 1 |
_aالرياض : _bدارة الملك عبد العزيز، _c2005 |
|
| 300 |
_a527 صفحة ؛ _c24 سم. |
||
| 336 |
_aنص _btxt _2rdacontent _3كتاب |
||
| 337 |
_aبدون وسيط _bn _2rdamedia |
||
| 338 |
_aمجلد _bnc _2rdacarrier |
||
| 490 | 1 |
_aإصدارات دارة الملك عبد العزيز. _aسلسلة الرسائل الجامعية ؛ _v148 |
|
| 500 | _aيشتمل على كشاف الأعلام والأماكن. | ||
| 500 | _aيشتمل على ملاحق. | ||
| 504 | _aببليوجرافية : صفحة 457-481. | ||
| 600 | 1 | 7 |
_aابن عبد الوهاب، محمد بن عبد الوهاب بن سليمان، _d1115-1206 هجري _xمساهمات في الدعوة الإسلامية _2aucnm |
| 650 | 7 |
_aالتعليم الديني الإسلامي _zالسعودية _2aucsh |
|
| 650 | 7 |
_aالوهابية _zالسعودية _yقرون 11-12 هجري _2aucsh |
|
| 651 | 7 |
_aالسعودية _xتاريخ _yقرون 11-12 هجري _2aucsh |
|
| 651 | 7 |
_aالسعودية _xحياة فكرية _yقرون 11-12 هجري _2aucsh |
|
| 651 | 7 |
_aشبه الجزيرة العربية _xحياة فكرية _yقرون 17-18 _2aucsh |
|
| 651 | 7 |
_aشبه الجزيرة العربية _xتاريخ _yقرون 17-18 _2aucsh |
|
| 942 |
_2ddc _cBOOK _n0 |
||
| 949 |
_aSA-JeALM _d241005 _umohamedma123 _n1 |
||
| 999 |
_c905 _d905 |
||